Представление документа в формате RUSMARC

ПолеНазваниеЗначение
  Тип записи a
  Библиографический уровень m
001 Контрольный номер RU/SLIB/B/208737207
005 Дата корректировки 20231214144425.2
010 Индекс ISBN __
d Цена 0-20
101 Язык документа 0_
a Язык текста rus
200 Заглавие и сведения об ответственности 1_
a Заглавие Белое озеро: прошлое, настоящее и будущее
f Первые сведения об ответственности рец. В. А. Знаменский
b Общее обозначение материала Текст
210 Выходные данные 1_
a Место издания Л.
c Издательство Гидрометеоиздат
d Дата издания 1983
215 Физическое описание __
a Объем 111 с.
c Иллюстрации/тип воспроизводства схемы
300 Общие примечания __
a Общие примечания Рец. указ. на обороте тит. л.
606 Тематические рубрики __
a Основная рубрика Гидрология суши
y Географическая подрубрика СССР; Россия; Белозерский край
610 Ключевые слова 0_
a Ключевые слова озера; рыбные промыслы
686 Индексы других классификаций __
a Классификационный индекс 26.222.6; ст26.222.6
700 Автор _1
a Фамилия Гусаков
b Имя Б. Л.
4 Код отношения 070
701 Альтернативная интеллектуальная ответственность _1
a Фамилия Дружинин
b Имя Г. В.
801 Источник записи _0
a Страна RU
b Организация Муниципальное бюджетное учреждение культуры "Централизованная библиотечная система" г. Сургут (Центральная городская библиотека им. А. С. Пушкина)
g Правила каталогизации КиК/Уланова
801 Источник записи _1
a Страна RU
b Организация Муниципальное бюджетное учреждение культуры "Централизованная библиотечная система" г. Сургут (Центральная городская библиотека им. А. С. Пушкина)
g Правила каталогизации КиК/Уланова
852 Данные о местонахождении __
j Шифр хранения 26.222.6
c Каталожный индекс 26.222.6
i Авторский знак Г 96
p Инвентарный номер 16306
901 Тип документа __
t Тип документа m
990 Данные о заказе (DOS) __
j Количество экземпляров (DOS) 2
t N записи в КСУ для И/У (DOS) 199101